Un camino de amor y servicio : meditaciones para hacer ejercicios espirituales /

Guardat en:
Dades bibliogràfiques
Autor principal: Saravia, Javier (autor)
Format: Llibre
Idioma:espanyol
Publicat: Guadalajara, México : Centro Ignaciano de Espiritualidad, 1995, c1995
Etiquetes: Afegir etiqueta
Sense etiquetes, Sigues el primer a etiquetar aquest registre!

MARC

LEADER 00000nam^a2200000^a^4500
001 000450335
005 20250521000000.0
009 20260310123746.233
037 |a Acervo Xavier Clavigero 
041 |a ESP 
091 |a FCA. 03322 
100 |a Saravia, Javier  |e (autor) 
245 1 3 |a Un camino de amor y servicio :  |b meditaciones para hacer ejercicios espirituales / 
264 4 |a Guadalajara, México :  |b Centro Ignaciano de Espiritualidad,  |c 1995, c1995 
300 |a 80 p. 
336 |a texto  |b txt  |2 rdacontenido 
337 |a sin mediación  |b n  |2 rdamedio 
338 |a volumen  |b nc  |2 rdasoporte 
649 |a XX 
910 |a Fondo Xavier Cacho Vázquez S.J. 
920 |a Impresos - Libros 
930 |a Fondos Especiales 
940 |a Jesuitas 
905 |a 131 
901 |a 0500377861  |b IT2  |c ESP  |i D  |u 20250521 
902 |a https://opac.biblio.iteso.mx/vufind/Record/000450335